acteurs de la série du gendarme de saint tropez - Statistiques

Statistiques générales
  • Ce quiz a été pris 61 fois
  • Le résultat moyen est 6 sur 13
Statistiques - réponses
Rôle Acteurs % Correct
Ludovic Cruchot Louis de Funès
100%
Adjudant Gerber Michel Galabru
93%
Lucien Fougasse Jean Lefebvre
72%
Josépha Le François Claude Gensac
60%
Jules Berlicot Michel Modo
46%
Albert Merlot Christian Marin
40%
Gaston Tricard Guy Grosso
37%
Nicole Cruchot Geneviève Grad
30%
Henri Beaupied Maurice Risch
26%
Perlin, maréchal des logis Patrick Préjean
25%
sœur Clotilde, la religieuse à la 2CV France Rumilly
23%
Charles Taupin Jean-Pierre Rambal
19%
colonel et examinateur lors du concours Yves Vincent
16%
Aucun quiz correspondant
Distribution des résultats
% des personnes avec chaque résultat
Percentile par nombre de réponses
Votre historique - résultats
Vous n’avez pas pris ce quiz